Reversed Asia Map Quiz - Statistics

General Stats
  • This quiz has been taken 58 times
  • The average score is 42 of 48
Answers on the Map
Answers color-coded by a green-red scale on the quiz's map according to % correct below.
 
Answer Stats
Answer % Correct
aibarA iduaS
98%
aidnI
95%
namO
95%
aeroK htroN
93%
aeroK htuoS
93%
ailognoM
93%
aknaL irS
93%
hsedalgnaB
93%
aidobmaC
91%
aigroeG
91%
ainemrA
91%
aisenodnI
91%
anihC
91%
lapeN
91%
napaJ
91%
narI
91%
natshkazaK
91%
natsikaP
91%
natsinahgfA
91%
nemeY
91%
setarimE
barA detinU
91%
yekruT
91%
airyS
88%
aisyalaM
88%
dnaliahT
88%
manteiV
88%
najiabrezA
88%
qarI
88%
sevidlaM
88%
tiawuK
88%
learsI
86%
nadroJ
86%
nawiaT
86%
niarhaB
86%
senippilihP
86%
surpyC
86%
eropagniS
84%
ienurB
84%
natsikebzU
84%
natsikijaT
84%
natsinemkruT
84%
natszygryK
84%
nonabeL
84%
rataQ
84%
romiT tsaE
84%
soaL
84%
natuhB
81%
ramnayM
79%
No matching quizzes found
Score Distribution
Percent of People with Each Score
Percentile by Number Answered
Your Score History
You have not taken this quiz